Basic number theory /
Guardado en:
| Autor Principal: | |
|---|---|
| Formato: | Libro |
| Idioma: | English |
| Publicado: |
New York :
Springer-Verlag,
1974.
|
| Edición: | 3rd ed. |
| Series: | Die Grundlehren der mathematischen Wissenschaften in Einzeldarstellungen mit besonderer Berücksichtigung der Anwendungsgebiete ;
Bd. 144 |
| Materias: | |
| Etiquetas: |
Agregar Etiqueta
Sin Etiquetas, Sea el primero en etiquetar este registro!
|
| LEADER | 00775cam a2200229 a 4500 | ||
|---|---|---|---|
| 001 | MAT.inmabb003047 | ||
| 008 | 740723s1974####nyu###########001#0#eng## | ||
| 005 | 20150630182939.0 | ||
| 245 | 1 | 0 | |a Basic number theory / |c André Weil. |
| 250 | |a 3rd ed. | ||
| 260 | |a New York : |b Springer-Verlag, |c 1974. | ||
| 300 | |a xviii, 325 p. ; |c 24 cm. | ||
| 440 | 4 | |a Die Grundlehren der mathematischen Wissenschaften in Einzeldarstellungen mit besonderer Berücksichtigung der Anwendungsgebiete ; |v Bd. 144 | |
| 510 | 4 | |a MR, |c 55 #302 | |
| 020 | |a 0387069356 | ||
| 100 | 1 | |a Weil, André, |d 1906-1998. | |
| 650 | 0 | |a Number theory. | |
| 650 | 0 | |a Class field theory. | |
| 084 | |a 11-02 (11Rxx 11Sxx) |2 MR | ||
| 010 | |a 74013963 | ||
| 040 | |a DLC |c DLC |d DLC | ||
| 859 | |h 11 |i W422b |p A-4326 |b BIB. MATEMATICA | ||
